Hours with the Bible; Vol. 2. (Record no. 15490)

000 -LEADER
fixed length control field 00601nam a2200181 a 4500
001 - CONTROL NUMBER
control field :::00014328$&:&@@
003 - CONTROL NUMBER IDENTIFIER
control field OkBaRHE
005 - DATE AND TIME OF LATEST TRANSACTION
control field 20100402123446.0
008 - FIXED-LENGTH DATA ELEMENTS--GENERAL INFORMATION
fixed length control field s1897 j 000 0 eng u
040 ## - CATALOGING SOURCE
Transcribing agency
100 1# - MAIN ENTRY--PERSONAL NAME
Personal name Geikie, John Cunningham, 1824-1906.
245 10 - TITLE STATEMENT
Title Hours with the Bible; Vol. 2.
260 ## - PUBLICATION, DISTRIBUTION, ETC. (IMPRINT)
Place of publication, distribution, etc New York, NY., :
Name of publisher, distributor, etc James Pott & Co.
Date of publication, distribution, etc 1897
300 ## - PHYSICAL DESCRIPTION
Extent illus. ;
Dimensions 20 cm.
650 ## - SUBJECT ADDED ENTRY--TOPICAL TERM
Topical term or geographic name as entry element Bible Old Testament
General subdivision Criticism, Interpretation, etc.
942 ## - ADDED ENTRY ELEMENTS (KOHA)
Source of classification or shelving scheme
Koha item type Books
Copies
Full call number Not for loan Koha item type Lost status Copy number Damaged status Withdrawn status Price effective from Date acquired Barcode Permanent Location Shelving location Source of classification or shelving scheme Date last seen
BS 511 .G38 1897 Books 1  2010-04-142010-04-1414328RHEMA Bible Training CollegeGeneral Stacks 2010-04-14